LIBRARY & INFORMATION CENTRE, KCAET, TAVANUR

ONLINE PUBLIC ACCESS CATALOGUE (OPAC)

Principles of electricity: An intermediate text in electricity and magnetism / (Record no. 7215)

MARC details
000 -LEADER
fixed length control field 00465cam a2200157ua 4500
003 - CONTROL NUMBER IDENTIFIER
control field OSt
008 - FIXED-LENGTH DATA ELEMENTS--GENERAL INFORMATION
fixed length control field 250130b |||||||| |||| 00| 0 eng d
041 ## - LANGUAGE CODE
Language code of text/sound track or separate title eng
082 ## - DEWEY DECIMAL CLASSIFICATION NUMBER
Classification number 621.3012
Item number PAG/PR
100 ## - MAIN ENTRY--AUTHOR NAME
Personal name Page, Leigh .
245 ## - TITLE STATEMENT
Title Principles of electricity: An intermediate text in electricity and magnetism /
260 ## - PUBLICATION, DISTRIBUTION, ETC. (IMPRINT)
Place of publication New York :
Name of publisher Van Nostrand Reinhold Company ,
Year of publication 1960.
300 ## - PHYSICAL DESCRIPTION
Number of Pages 533 ; .
700 1# - ADDED ENTRY--PERSONAL NAME
Personal name Adams, Noman Lisley .
942 ## - ADDED ENTRY ELEMENTS (KOHA)
Koha item type Books
Holdings
Withdrawn status Lost status Damaged status Home library Current library Date acquired Full call number Accession Number Koha item type
      KAUAET KAUAET 07/04/2012 621.3012 PAG/PR 3346 Books
      KAUAET KAUAET 07/04/2012 621.3012 PAG/PR 4592 Books
free website counter